Electrical and Electronics Instrumentation (Record no. 136457)

000 -LEADER
fixed length control field 00373nam a2200157Ia 4500
005 - DATE AND TIME OF LATEST TRANSACTION
control field 20220401144610.0
008 - FIXED-LENGTH DATA ELEMENTS--GENERAL INFORMATION
fixed length control field 220120s9999||||xx |||||||||||||| ||und||
020 ## - INTERNATIONAL STANDARD BOOK NUMBER
International Standard Book Number 590228625
040 ## - CATALOGING SOURCE
Transcribing agency AACR 2
082 ## - DEWEY DECIMAL CLASSIFICATION NUMBER
Classification number 621.3 BHA
100 ## - MAIN ENTRY--PERSONAL NAME
Personal name Bhakshi, Uday
245 #0 - TITLE STATEMENT
Title Electrical and Electronics Instrumentation
260 ## - PUBLICATION, DISTRIBUTION, ETC.
Date of publication, distribution, etc. 2004
300 ## - PHYSICAL DESCRIPTION
Extent 156p.
Other physical details 0
942 ## - ADDED ENTRY ELEMENTS (KOHA)
Source of classification or shelving scheme
Koha item type Books
Holdings
Withdrawn status Lost status Source of classification or shelving scheme Damaged status Not for loan Collection code Home library Current library Date acquired Barcode Date last seen Price effective from Koha item type
          Electronics and Communication Engineering Central Library Central Library 01/20/2022 GF316 01/20/2022 01/20/2022 Gift Books

Powered by Koha